Immunologische Untersuchungen bei Patienten mit Porphyria cutanea tarda

Elmentve itt :
Bibliográfiai részletek
Szerzők: Simon N
Szabó Éva
Dobozy Attila
Hunyadi János
Husz Sándor
Dokumentumtípus: Cikk
Megjelent: 1977
Sorozat:HAUTARZT 28 No. Suppl.
Tárgyszavak:
mtmt:2023972
Online Access:http://publicatio.bibl.u-szeged.hu/33789
LEADER 00790nab a2200241 i 4500
001 publ33789
005 20250604155221.0
008 250604s1977 hu o 000 ger d
022 |a 0017-8470 
024 7 |a 2023972  |2 mtmt 
040 |a SZTE Publicatio Repozitórium  |b hun 
041 |a ger 
100 1 |a Simon N 
245 1 0 |a Immunologische Untersuchungen bei Patienten mit Porphyria cutanea tarda  |h [elektronikus dokumentum] /  |c  Simon N 
260 |c 1977 
300 |a 230-231 
490 0 |a HAUTARZT  |v 28 No. Suppl. 
650 4 |a Klinikai orvostan 
700 0 1 |a Szabó Éva  |e aut 
700 0 1 |a Dobozy Attila  |e aut 
700 0 1 |a Hunyadi János  |e aut 
700 0 1 |a Husz Sándor  |e aut 
856 4 0 |u http://publicatio.bibl.u-szeged.hu/33789/7/aok_klny_1373_77%20-%20aok_klny_1373_77.pdf  |z Dokumentum-elérés